000 00865cam a22002771 4500
001 gs 52000139
003 DLC
005 20260227111358.0
008 771010s1951 xx 000 0 eng c
010 _ags 52000139
035 _a(OCoLC)3329905
040 _aU.S. Geol. Survey. Lib.
_cNmLcU
_dNmLcU
_dDLC
050 0 0 _aQE81
_b.A15 no. 63
051 _aQE81
_b.G7
082 _a557.61
100 1 _aGriffin, Robert Hardy.
245 1 0 _aStructure and petrography of the Hillabee sill and associated metamorphics of Alabama.
260 _aUniversity,
_c1951.
300 _a74 p.
_billus.
_c28 cm.
410 2 0 _aGeological Survey of Alabama
_tBulletin
_v63
500 _aFolded map and folded profile in pocket.
504 _a"References cited": p. 73-74.
650 0 _aGeology
_zAlabama.
650 0 _aPetrology
_zAlabama.
650 0 _aGeology, Structural.
999 _c28640
_d28640